Central Library OPAC University of Rajshahi

ইকবাল কাব্যে মুসলিম মানস ও মানবতা / (Record no. 74194)

MARC details
000 -LEADER
fixed length control field 01170nam a2200265 a 4500
001 - CONTROL NUMBER
control field 74194
003 - CONTROL NUMBER IDENTIFIER
rucl marc code BD-RjUL
005 - DATE AND TIME OF LATEST TRANSACTION
control field 20211209082518.0
008 - FIXED-LENGTH DATA ELEMENTS--GENERAL INFORMATION
fixed length control field 180321s2013 bg ||||| |||| 00| 0 ben d
020 ## - INTERNATIONAL STANDARD BOOK NUMBER
Terms of availability Tk. 450.00
035 ## - SYSTEM CONTROL NUMBER
System control number (BD-RjUL)74412
040 ## - CATALOGING SOURCE
Original cataloging agency BD-RjUL
Language of cataloging eng
Transcribing agency BD-RjUL
041 ## - LANGUAGE CODE
Language code of text/sound track or separate title ben
082 ## - DEWEY DECIMAL CLASSIFICATION NUMBER
Edition number 23
Classification number 181.07092
Author mark and year SII 2013
100 1# - MAIN ENTRY--PERSONAL NAME
Personal name সিরাজী, তারিক জিয়াউর রহমান
9 (RLIN) 148096
245 10 - TITLE STATEMENT
Title ইকবাল কাব্যে মুসলিম মানস ও মানবতা /
Statement of responsibility, etc. তারিক জিয়াউর রহমান সিরাজী,
260 ## - PUBLICATION, DISTRIBUTION, ETC. (IMPRINT)
Place of publication, distribution, etc. ঢাকা :
Name of publisher, distributor, etc. ইসলামিক প্রজাতন্ত্র ইরান ,
Date of publication, distribution, etc. ২০১৩
300 ## - PHYSICAL DESCRIPTION
Pagination ২৮৭ +১২ পৃ. ;
Size ২২ সেমি.
504 ## - BIBLIOGRAPHY, ETC. NOTE
Bibliography, etc গ্রন্নপঞ্জি সংযুক্ত
600 ## - SUBJECT ADDED ENTRY--PERSONAL NAME
Personal name ইকবাল, মুহাম্মদ - স্যার
Chronological subdivision ১৮৭৭-১৯৩৮
Personal name Iqbal, Muhammad,- Sir,
Chronological subdivision 1877-1938.
650 ## - SUBJECT ADDED ENTRY--TOPICAL TERM
Topical term or geographic name as entry element ইসলামিক দর্শণ
9 (RLIN) 220706
Topical term or geographic name as entry element Islamic philosophy.
9 (RLIN) 220707
942 ## - ADDED ENTRY ELEMENTS (KOHA)
Source of classification or shelving scheme Dewey Decimal Classification
Koha item type Books
Holdings
Lost status Source of classification or shelving scheme Damaged status Not for loan Collection code Permanent Location Current Location Shelving location Date acquired Source of acquisition Cost, normal purchase price Total Checkouts Full call number Date last seen Copy number Koha item type
  Dewey Decimal Classification   Not For Loan Non-fiction Central Library, University of Rajshahi Central Library, University of Rajshahi Reading Room 14/05/2017 Iran embassy, Dhaka 450.00   B 181.07092 SII 2013 21/03/2018 C-1 Books